Logo BPK

Biblioteka

Politechniki Koszalińskiej

Neues Handbuch der Literaturwissenschaft. (Rekord nr 49954)

Szczegóły MARC
000 -ETYKIETA REKORDU
podpole kontrolne o stałej długości 00698nam a2200217 i 4500
001 - NUMER KONTROLNY REKORDU
pole kontrolne bgj
040 ## - ŹRÓDŁO KATALOGOWANIA
Instytucja, która utworzyła rekord BPK
041 0# - KOD JĘZYKA
Kod języka tekstu ger
080 ## - UNIWERSALNA KLASYFIKACJA DZIESIĘTNA - UKD
UKD 82
008 - POLE O STAŁEJ DŁUGOŚCI - DANE KONTROLNE
podpole kontrolne o stałej długości s gw f |000 0 ger
245 10 - TYTUŁ/ODPOWIEDZIALNOŚĆ
Tytuł Neues Handbuch der Literaturwissenschaft.
Pozostałe elementy strefy tytułu i oznaczenia odpowiedzialności hrsg. von Klaus von See ; Bandherausgeber Helmut Kreuzer.
Oznaczenie części/sekcji dzieła Bd. 18.
Tytuł części/sekcji dzieła Jahrundertende-Jahrundertwende 1 /
246 1# - WARIANT TYTUŁU
Tytuł Der |Naturalismus in der Romania.
260 ## - STREFA ADRESU WYDAWNICZEGO
Miejsce wydania Wiesbaden :
Nazwa wydawcy/dystrybutora Akademische Verlagsgesellschaft Athenaion,
Data publikacji, dystrybucji/powstania dokumentu 1976.
300 ## - STREFA OPISU FIZYCZNEGO
Objętość S. [33]-68 :
Inne cechy fizyczne il. ;
Rozmiary 22 cm.
505 ## - SFORMALIZOWANA UWAGA DOTYCZĄCA ZAWARTOŚCI
Pełny tekst uwagi Sonderdruck
650 9# - HASŁO PRZEDMIOTOWE W FORMIE NAZWY OGÓLNEJ LUB JEDNOSTKOWEJ
Nazwa ogólna lub geograficzna Literatura
700 1# - HASŁO DODATKOWE - NAZWA OSOBOWA
Nazwa osobowa SEE, Klaus von.
700 1# - HASŁO DODATKOWE - NAZWA OSOBOWA
Nazwa osobowa KREUZER, Helmut.
700 1# - HASŁO DODATKOWE - NAZWA OSOBOWA
Nazwa osobowa NEUSCHÄFER, Hans-Jörg.
856 ## - LOKALIZACJA I DOSTĘP DO ELEKTRONICZNYCH DOKUMENTÓW ZDALNYCH
Link (URL) http://koha.tu.koszalin.pl/cgi-bin/koha/opac-detail.pl?biblionumber=49954
Tekst linku Katalog online BPK
942 ## - DODATKOWE ELEMENTY (KOHA)
Typ dokumentu Książka
Egzemplarze
Wycofany Status egzemplarza Uszkodzony Dostępność Lokalizacja stała Lokalizacja bieżąca Miejsce przechowywania Sygnatura Kod kreskowy Typ dokumentu
      Dostępny Biblioteka Politechniki Koszalińskiej Biblioteka Politechniki Koszalińskiej Wypożyczalnia Językowa S 2575 02438627 Książka
© 2023 Biblioteka Politechniki Koszalińskiej :: KOHA